Sports Quiz

Random Sports or Football Quiz

NFL Team QB Passing TD Leaders (Career) Quiz Stats

 Plays Quiz Updated Jan 7, 2019

Score 0/32 Timer 07:00
21 Plays Today
Team Player % Correct
Indianapolis ColtsPeyton Manning
96.8%
New England Patriots*Tom Brady
93.6%
Green Bay PackersBrett Favre
93.1%
Miami DolphinsDan Marino
91.7%
San Francisco 49ersJoe Montana
88.4%
Denver BroncosJohn Elway
88.2%
Dallas CowboysTony Romo
83.1%
Pittsburgh Steelers*Ben Roethlisberger
79.9%
New York Giants*Eli Manning
79.2%
Philadelphia EaglesDonovan McNabb
77.8%
Buffalo BillsJim Kelly
72.7%
Houston TexansMatt Schaub
71.7%
New Orleans Saints*Drew Brees
70.6%
Baltimore Ravens*Joe Flacco
69.8%
Carolina Panthers*Cam Newton
67.9%
New York JetsJoe Namath
67.4%
Team Player % Correct
Tennessee TitansWarren Moon
62.7%
Los Angeles Chargers*Philip Rivers
59.3%
Jacksonville JaguarsMark Brunell
55.3%
Minnesota VikingsFran Tarkenton
54.2%
Tampa Bay Buccaneers*Jameis Winston
44.8%
Oakland RaidersKen Stabler
40.9%
Cincinnati BengalsKen Anderson
33.6%
Atlanta Falcons*Matt Ryan
33.6%
Kansas City ChiefsLen Dawson
33.2%
Detroit Lions*Matthew Stafford
32.1%
Chicago BearsJay Cutler
25.9%
Seattle SeahawksDave Krieg
24.4%
Cleveland BrownsOtto Graham
22.5%
Washington RedskinsSammy Baugh
16.7%
Arizona CardinalsJim Hart
15%
Los Angeles RamsRoman Gabriel
11%

You're not logged in!

Compare scores with friends on all Sporcle quizzes.
OR
Log In

Sporcle TV

Today on Sporcle TV


Watch our educational content, quiz creation guides, and fun videos on Sporcle TV.

Show Comments

Extras

Top Quizzes Today


Score Distribution

Your Account Isn't Verified!

In order to create a playlist on Sporcle, you need to verify the email address you used during registration. Go to your Sporcle Settings to finish the process.

Report this User

Report this user for behavior that violates our Community Guidelines.

Details: